000 00414nam a2200145 a 4500
001 000016258
005 20200929164336.0
008 100302s1972 dr 000 0 spa d
040 _aDO-SdBNP
_bspa
_cBNPHU
082 _axxx
_bO68v
245 0 0 _aOrganizaciones voluntarias de acción social.
260 _aSanto Domingo :
_bFundación Dominicana de Desarrollo,
_c1972.
300 _a37 p. ;
_c22 cm.
049 _aBNPD
999 _c15795
_d15795